Central Library OPAC University of Rajshahi

Key to Carter's advanced accounts / (Record no. 63679)

MARC details
000 -LEADER
fixed length control field 00744nam a22002532a 4500
001 - CONTROL NUMBER
control field 63679
003 - CONTROL NUMBER IDENTIFIER
rucl marc code BD-RjUL
005 - DATE AND TIME OF LATEST TRANSACTION
control field 20211209081225.0
008 - FIXED-LENGTH DATA ELEMENTS--GENERAL INFORMATION
fixed length control field 190318r19561956enk 000 0 eng d
035 ## - SYSTEM CONTROL NUMBER
System control number CUW000195138
System control number OCLC ocm31155901 from D950906M
System control number (BD-RjUL)63808
040 ## - CATALOGING SOURCE
Original cataloging agency CVU
Transcribing agency CVU
Modifying agency EQO
-- BD-RjUL
Language of cataloging eng
041 ## - LANGUAGE CODE
Language code of text/sound track or separate title eng
082 ## - DEWEY DECIMAL CLASSIFICATION NUMBER
Edition number 23
Classification number 657
Author mark and year GOK 1956
100 1# - MAIN ENTRY--PERSONAL NAME
Personal name Goodman, Reginald Arthur.
9 (RLIN) 229429
245 10 - TITLE STATEMENT
Title Key to Carter's advanced accounts /
Statement of responsibility, etc. by R.A. Goodman. Rev. by Henry H. Smith
260 ## - PUBLICATION, DISTRIBUTION, ETC. (IMPRINT)
Place of publication, distribution, etc. London :
Name of publisher, distributor, etc. Pitman,
Date of publication, distribution, etc. 1952
300 ## - PHYSICAL DESCRIPTION
Pagination vii, 915 p.;
Size 21 cm
650 #0 - SUBJECT ADDED ENTRY--TOPICAL TERM
Topical term or geographic name as entry element Accounting
9 (RLIN) 229430
700 1# - ADDED ENTRY--PERSONAL NAME
Personal name Carter, Roger Neale.
Personal name Smith, Henry H.
942 ## - ADDED ENTRY ELEMENTS (KOHA)
Source of classification or shelving scheme Dewey Decimal Classification
Koha item type Books
Holdings
Lost status Source of classification or shelving scheme Damaged status Not for loan Collection code Permanent Location Current Location Shelving location Date acquired Source of acquisition Cost, normal purchase price Total Checkouts Full call number Date last seen Copy number Koha item type
  Dewey Decimal Classification   Not For Loan Non-fiction Central Library, University of Rajshahi Central Library, University of Rajshahi Reading Room 07/02/1959 Mullick Brother 18.12   657 GOK 1956 18/03/2019 C-1 Books